Design Elements : Using Images to Create Graphic Impact : A Graphic Style Manual for Effective Image Solutions in Graphic Design /

Guardado en:
Bibliografiske detaljer
Hovedforfatter: Sherin, Aaris (autor)
Format: Bog
Sprog:engelsk
Udgivet: Beverly, EUA : Rockport, 2013, c2013
Fag:
Tags: Tilføj Tag
Ingen Tags, Vær først til at tagge denne postø!

MARC

LEADER 00000nam^a2200000^a^4500
001 000334721
005 20250521000000.0
008 131016 20132013
009 20260310114208.013
020 |a 978-1-59253-807-2 
037 |a Acervo ITESO - Biblioteca 
041 |a ING 
082 |a 741. 6  |b SHE 
100 |a Sherin, Aaris  |e (autor) 
245 1 0 |a Design Elements :  |b Using Images to Create Graphic Impact : A Graphic Style Manual for Effective Image Solutions in Graphic Design /  |c A. Sherin. 
264 4 |a Beverly, EUA :  |b Rockport,  |c 2013, c2013 
300 |a 162 p. 
336 |a texto  |b txt  |2 rdacontenido 
337 |a sin mediación  |b n  |2 rdamedio 
338 |a volumen  |b nc  |2 rdasoporte 
649 |a XX 
650 |a Imagen -  |x Tema Principal 
650 |a Ilustración (Diseño) 
650 |a Diseño Gráfico -  |x Tema Principal 
650 |a Comunicación Visual 
910 |a Fondo General 
920 |a Impresos - Libros 
930 |a Reserva Especial 
905 |a 103 
901 |a 0500224437  |b IT1  |c REE  |i C138066  |u 20250521 
902 |a https://opac.biblio.iteso.mx/vufind/Record/000334721